Statistics for Books Considered the "Great American Novel"

Click here to take the quiz!

General Stats

  • This quiz has been taken 1,028 times
    (931 since last reset)
  • The average score is 10 of 20

Answer Stats

YearAuthorNovel% Correct
1925F. Scott FitzgeraldThe Great Gatsby
95%
1960Harper LeeTo Kill a Mockingbird
92%
1884Mark TwainAdventures of Huckleberry Finn
90%
1939John SteinbeckThe Grapes of Wrath
88%
1951J. D. SalingerThe Catcher in the Rye
86%
1851Herman MelvilleMoby-Dick
85%
1852Harriet Beecher StoweUncle Tom's Cabin
75%
1850Nathaniel HawthorneThe Scarlet Letter
70%
1987Toni MorrisonBeloved
50%
1826James Fenimore CooperThe Last of the Mohicans
45%
1952Ralph EllisonInvisible Man
39%
1991Bret Easton EllisAmerican Psycho
34%
1895Stephen CraneThe Red Badge of Courage
30%
1996David Foster WallaceInfinite Jest
29%
1973Thomas PynchonGravity's Rainbow
26%
1936William FaulknerAbsalom, Absalom!
23%
1934Henry MillerTropic of Cancer
22%
1985Cormac McCarthyBlood Meridian
20%
1953Saul BellowThe Adventures of {Augie} {March}
15%
2010Jonathan Franzen{Freedom}
7%

Score Distribution

Percentile by Number Answered

Percent of People with Each Score

Your Score History

You have not taken this quiz since the last reset